[Event "Division Honor Aragonesa Grupo B"]
[Site "Aragon"]
[Date "2017.02.18"]
[Round "4.27"]
[White "Palacios Herrero, Pablo"]
[Black "Gracia Suarez, Jesus"]
[Result "1-0"]
[WhiteElo "2095"]
[BlackElo "2090"]
[PlyCount "117"]
[EventDate "2017.01.28"]
[WhiteTeam "Palacio de Pioneros"]
[BlackTeam "San Jose"]

1. e4 c5 2. Nf3 Nc6 3. d4 cxd4 4. Nxd4 Nf6 5. Nc3 d6 6. Bc4 Qb6 7. Nb3 e6 8.
Qe2 Be7 9. f4 Qc7 10. Bd2 a6 11. a4 O-O 12. a5 Nb4 13. Bd3 e5 14. O-O Bg4 15.
Qe3 Be6 16. Nb5 Nxc2 17. Nxc7 Nxe3 18. Bxe3 Bxb3 19. Nxa8 Rxa8 20. fxe5 Ng4 21.
Bb6 Nxe5 22. Be2 Bc2 23. Bf3 Bg5 24. Ra3 Bf6 25. Raa1 Rc8 26. Rfe1 Nc4 27. e5
Bxe5 28. Bxb7 Rb8 29. Bxa6 Nxb6 30. axb6 Bd4+ 31. Kh1 Bxb6 32. Bb7 Kf8 33. Ra8
Rxa8 34. Bxa8 Bb3 35. Bc6 Be6 36. b4 Ke7 37. g3 Kd8 38. Kg2 Kc7 39. Be4 g6 40.
Rc1+ Kd7 41. Kf3 d5 42. Bd3 Kd6 43. b5 Bd7 44. Ke2 Ke5 45. Kd2 Kd4 46. Rf1 Be6
47. Kc2 Kc5 48. Kb3 Kd4 49. Rd1 Ke3 50. Bf1 Kf2 51. Kb4 Kg1 52. h3 h5 53. Bc4+
Kh2 54. Bxd5 Bxh3 55. Bxf7 Bf5 56. Bxg6 Bg4 57. Rd6 Bc7 58. Rc6 Bxg3 59. Bxh5
1-0

[Event "Division Honor Aragonesa Grupo B"]
[Site "Aragon"]
[Date "2017.02.18"]
[Round "4.28"]
[White "Gimeno Oteo, Marco Antonio"]
[Black "Echarte Buil, Oscar"]
[Result "1-0"]
[WhiteElo "2071"]
[BlackElo "2111"]
[PlyCount "63"]
[EventDate "2017.01.28"]
[WhiteTeam "San Jose"]
[BlackTeam "Palacio de Pioneros"]

1. e4 c5 2. Nf3 g6 3. d4 cxd4 4. c3 Bg7 5. Bc4 Qc7 6. Qb3 e6 7. O-O Nc6 8. Be2
Nf6 9. cxd4 Nxe4 10. d5 exd5 11. Qxd5 Nf6 12. Qc4 d5 13. Qh4 O-O 14. Nc3 Rd8
15. Bg5 Qe7 16. Rfe1 Be6 17. Rad1 a6 18. Bf1 h6 19. Bxh6 Bxh6 20. Qxh6 Qf8 21.
Qh4 Qg7 22. h3 Ne4 23. Nxe4 dxe4 24. Rxd8+ Rxd8 25. Ng5 Bxa2 26. Nxe4 Be6 27.
Nf6+ Kf8 28. Qg5 Ne7 29. Rc1 Bc8 30. Rc7 Rd1 31. Rxe7 Kxe7 32. Nh5+ 1-0

[Event "Division Honor Aragonesa Grupo B"]
[Site "Aragon"]
[Date "2017.02.18"]
[Round "4.29"]
[White "Adla, Diego"]
[Black "Garza Marco, Sergio"]
[Result "1/2-1/2"]
[WhiteElo "2398"]
[BlackElo "2398"]
[PlyCount "48"]
[EventDate "2017.01.28"]
[WhiteTeam "St. Casablanca"]
[BlackTeam "Helios"]

1. c4 c5 2. Nf3 Nc6 3. Nc3 Nf6 4. g3 e5 5. Bg2 Be7 6. O-O O-O 7. Ne1 d6 8. Nc2
Be6 9. Ne3 Qd7 10. a3 Bh3 11. Rb1 Bxg2 12. Kxg2 Bd8 13. b4 cxb4 14. axb4 Ne7
15. d3 Bb6 16. Nc2 d5 17. e4 dxc4 18. dxc4 Bd4 19. Nd5 Nexd5 20. exd5 b5 21.
Nxd4 exd4 22. Qxd4 bxc4 23. Rd1 Rfd8 24. Qxc4 Qb7 1/2-1/2

[Event "Division Honor Aragonesa Grupo B"]
[Site "Aragon"]
[Date "2017.02.18"]
[Round "4.30"]
[White "Guzman Moneo, Alberto"]
[Black "Glavina, Pablo"]
[Result "0-1"]
[WhiteElo "2219"]
[BlackElo "2391"]
[PlyCount "82"]
[EventDate "2017.01.28"]
[WhiteTeam "Helios"]
[BlackTeam "St. Casablanca"]

1. e4 e5 2. Nf3 Nc6 3. Bc4 Nf6 4. d3 h6 5. c3 d6 6. Nbd2 g6 7. d4 Qe7 8. dxe5
Nxe5 9. Be2 Bg7 10. O-O O-O 11. Nxe5 dxe5 12. Qc2 a5 13. a4 b6 14. b4 Rd8 15.
bxa5 bxa5 16. Ba3 Qe8 17. Bb5 Bd7 18. Rab1 Rab8 19. Bxd7 Qxd7 20. Rxb8 Rxb8 21.
f3 Qc6 22. Rb1 Rxb1+ 23. Nxb1 Nd7 24. Bc1 Nb6 25. Be3 Nxa4 26. h4 Bf8 27. h5
gxh5 28. Kh2 Bb4 29. Qc1 Bf8 30. Qd1 Nb6 31. Qd8 Nc4 32. Bc1 Qd6 33. Qa8 Kg7
34. Qe8 Qe7 35. Qc6 Qh4+ 36. Kg1 Qe1+ 37. Kh2 Qxc1 38. Qxc4 Qxb1 39. Qd5 Bd6
40. Qxa5 Qe1 41. Qb5 h4 0-1

[Event "Division Honor Aragonesa Grupo B"]
[Site "Aragon"]
[Date "2017.02.18"]
[Round "4.31"]
[White "Lopez Gracia, Fernando"]
[Black "Cerrajeria Ruiz, Jesus Maria"]
[Result "1-0"]
[WhiteElo "2302"]
[BlackElo "2187"]
[PlyCount "53"]
[EventDate "2017.01.28"]
[WhiteTeam "St. Casablanca"]
[BlackTeam "Helios"]

1. e4 c5 2. Nc3 Nc6 3. g3 d6 4. Bg2 h5 5. h4 g6 6. d3 Nd4 7. Nh3 Bg4 8. f3 Bxh3
9. Bxh3 Bh6 10. f4 e6 11. O-O Ne7 12. Ne2 Nxe2+ 13. Qxe2 f5 14. exf5 exf5 15.
Re1 Qd7 16. Bg2 Kd8 17. Bd2 Bg7 18. Ba5+ Ke8 19. Bc3 Bxc3 20. bxc3 Kd8 21. d4
cxd4 22. Rad1 Rc8 23. Rxd4 Rxc3 24. Qd2 Qc7 25. Rxd6+ Ke8 26. Qd4 Qc5 27. Rd8+
1-0

[Event "Division Honor Aragonesa Grupo B"]
[Site "Aragon"]
[Date "2017.02.18"]
[Round "4.32"]
[White "Calvo Simon, Jorge"]
[Black "Chueca Lorente, Javier"]
[Result "0-1"]
[WhiteElo "2142"]
[BlackElo "2077"]
[PlyCount "84"]
[EventDate "2017.01.28"]
[WhiteTeam "Helios"]
[BlackTeam "St. Casablanca"]

1. e4 c5 2. Nf3 g6 3. d4 cxd4 4. Nxd4 Bg7 5. Nc3 Nc6 6. Be3 Nf6 7. Bc4 Qa5 8.
O-O O-O 9. Nb3 Qc7 10. f4 d6 11. Be2 a6 12. Qe1 e6 13. Rd1 b5 14. Bf3 Bb7 15.
Qf2 Rac8 16. Rfe1 Ne7 17. Bb6 Qb8 18. a3 d5 19. Bc5 dxe4 20. Nxe4 Nxe4 21. Bxe4
Bxe4 22. Rxe4 Qb7 23. Re2 Rfd8 24. Rxd8+ Rxd8 25. Rd2 Rxd2 26. Qxd2 Nd5 27. Bd4
Bxd4+ 28. Nxd4 Qc7 29. g3 e5 30. fxe5 Qxe5 31. Kf2 h5 32. c3 Nf6 33. Kg2 Ng4
34. Nf3 Qe4 35. h3 Ne5 36. Qd1 g5 37. Kf2 Nd3+ 38. Kf1 g4 39. hxg4 hxg4 40. Nd4
Nxb2 41. Qe2 Qh1+ 42. Kf2 Nd1+ 0-1

[Event "Preferente Aragonesa Grupo A"]
[Site "?"]
[Date "2017.02.18"]
[Round "4.33"]
[White "Roque Sola, Gisela"]
[Black "Vallverdu Miret, Oscar"]
[Result "1/2-1/2"]
[WhiteElo "2061"]
[BlackElo "2071"]
[PlyCount "50"]
[EventDate "2017.01.28"]
[WhiteTeam "St. Casablanca C"]
[BlackTeam "Fraga"]

1. Nf3 Nf6 2. c4 c5 3. g3 g6 4. Bg2 Bg7 5. O-O O-O 6. Nc3 Nc6 7. d3 d6 8. Rb1
Ne8 9. Bd2 Nc7 10. a3 a5 11. Ne1 Bd7 12. b3 Rb8 13. Nc2 b6 14. b4 axb4 15. axb4
cxb4 16. Nxb4 Nxb4 17. Rxb4 b5 18. cxb5 Nxb5 19. Nxb5 Rxb5 20. Rxb5 Bxb5 21.
Qb3 Bd7 22. Rb1 Be6 23. Qa4 Qc8 24. Bb7 Qc5 25. Be3 Qc3 1/2-1/2

[Event "Preferente Aragonesa Grupo A"]
[Site "?"]
[Date "2017.02.18"]
[Round "4.34"]
[White "Aribau Rivas, Miguel Angel"]
[Black "Rodes Apilluelo, Jose Maria"]
[Result "1-0"]
[WhiteElo "2030"]
[BlackElo "2016"]
[PlyCount "39"]
[EventDate "2017.01.28"]
[WhiteTeam "Fraga"]
[BlackTeam "St. Casablanca C"]

1. e4 c5 2. Nc3 Nc6 3. f4 d6 4. Nf3 g6 5. Bb5 Bg7 6. O-O e6 7. d3 Nge7 8. Qe1
a6 9. Bc4 b5 10. Bb3 O-O 11. f5 Nd4 12. Nxd4 Bxd4+ 13. Kh1 exf5 14. Bg5 Be6 15.
Qh4 Ra7 16. exf5 Bxb3 17. f6 Nf5 18. Rxf5 Kh8 19. Qh6 Rg8 20. Rf4 1-0

[Event "Preferente Aragonesa Grupo A"]
[Site "?"]
[Date "2017.02.18"]
[Round "4.35"]
[White "Jaques Burguete, Raul"]
[Black "Chine Infantes, Miguel Angel"]
[Result "1/2-1/2"]
[WhiteElo "2011"]
[BlackElo "1767"]
[PlyCount "110"]
[EventDate "2017.01.28"]
[WhiteTeam "St. Casablanca C"]
[BlackTeam "Fraga"]

1. e4 b6 2. d4 Bb7 3. Bd3 e6 4. Nf3 h6 5. O-O Be7 6. c4 d6 7. Nc3 Nd7 8. d5 e5
9. Be3 Ngf6 10. b4 O-O 11. Ne1 Nh7 12. g3 Bg5 13. Ng2 Bxe3 14. Nxe3 Bc8 15. f4
exf4 16. gxf4 a6 17. Kh1 Re8 18. Rg1 Ndf8 19. Qf3 Qf6 20. Ne2 Ng5 21. Qg2 Nh3
22. Rgf1 Ng6 23. f5 Ngf4 24. Nxf4 Nxf4 25. Rxf4 Qxa1+ 26. Bf1 Qe5 27. Rh4 Qf6
28. Qg3 Kh7 29. Qf4 Qe5 30. Qf3 Kh8 31. Bd3 Qf6 32. Rh3 Qa1+ 33. Kg2 Qb2+ 34.
Be2 Qe5 35. Rh4 Qf6 36. Rh5 Qe5 37. Rh4 Qf6 38. Rf4 g5 39. Rg4 Rg8 40. Qh3 Kg7
41. Rg3 Qe7 42. Bf3 f6 43. Ng4 Rh8 44. Nf2 b5 45. c5 a5 46. cxd6 cxd6 47. a3
axb4 48. axb4 Ra2 49. Qh5 Qf7 50. Qg4 Qc7 51. Qf4 Kh7 52. Qe3 Qa7 53. Qe1 Ra1
54. Qc3 Ra2 55. Qe1 Ra1 1/2-1/2

[Event "Preferente Aragonesa Grupo A"]
[Site "?"]
[Date "2017.02.18"]
[Round "4.36"]
[White "Agustin De Dios, Adrian"]
[Black "Antonano Fedz-Quincoces, Aveli"]
[Result "1/2-1/2"]
[WhiteElo "1707"]
[BlackElo "1949"]
[PlyCount "88"]
[EventDate "2017.01.28"]
[WhiteTeam "Fraga"]
[BlackTeam "St. Casablanca C"]

1. e4 c5 2. Nc3 g6 3. g3 Bg7 4. Bg2 Nc6 5. d3 Nf6 6. Be3 d6 7. h3 O-O 8. Nge2
Rb8 9. Qd2 b5 10. Bh6 b4 11. Nd1 e5 12. O-O Nd4 13. Bxg7 Kxg7 14. Nxd4 cxd4 15.
Kh2 Ne8 16. f4 f6 17. Nf2 a5 18. b3 Be6 19. Rfe1 Qc7 20. Rac1 Qc8 21. Nd1 Nc7
22. Ra1 Nb5 23. Nb2 Na3 24. Nc4 Nxc4 25. dxc4 Qc5 26. Rf1 Rf7 27. Rf2 a4 28.
Rf3 Ra8 29. Rff1 Rfa7 30. f5 Bd7 31. g4 g5 32. Bf3 Ra5 33. Kg3 Qa7 34. Rf2 Qb7
35. Kg2 Bc6 36. Re2 axb3 37. cxb3 Ra3 38. Qd3 Ba4 39. Rb1 Qa7 40. Rd2 Bc6 41.
Rbb2 Qb7 42. Re2 R8a7 43. Kg3 Qa8 44. Qc2 h6 1/2-1/2

[Event "Preferente Aragonesa Grupo A"]
[Site "?"]
[Date "2017.02.18"]
[Round "4.37"]
[White "Gracia Campo, Carlos Alberto"]
[Black "Maza Broto, Pablo"]
[Result "1/2-1/2"]
[WhiteElo "2082"]
[BlackElo "2022"]
[PlyCount "66"]
[EventDate "2017.01.28"]
[WhiteTeam "El Olivar B"]
[BlackTeam "Jaime Casas B"]

1. e4 c5 2. Nf3 e6 3. d4 cxd4 4. Nxd4 Nc6 5. Nc3 d6 6. Bb5 Bd7 7. O-O a6 8. Ba4
Nf6 9. Bg5 h6 10. Bh4 b5 11. Bb3 g5 12. Bg3 b4 13. Nce2 Nxe4 14. Nxc6 Bxc6 15.
Nd4 Bd7 16. Re1 Nxg3 17. hxg3 Qf6 18. c3 Be7 19. Ba4 Bxa4 20. Qxa4+ Kf8 21.
Qxb4 d5 22. Qb7 Kg7 23. Qxe7 Qxe7 24. Nf5+ Kf6 25. Nxe7 Kxe7 26. Rad1 Rhd8 27.
Rd4 Rab8 28. b3 Rbc8 29. Re3 f6 30. Ra4 Rc6 31. g4 e5 32. Kf1 Rdc8 33. Ke1 Kf7
1/2-1/2

[Event "Preferente Aragonesa Grupo A"]
[Site "?"]
[Date "2017.02.18"]
[Round "4.38"]
[White "Rodriguez Leiva, Manuel"]
[Black "Veras Sanz, Marino"]
[Result "0-1"]
[WhiteElo "1974"]
[BlackElo "2044"]
[PlyCount "68"]
[EventDate "2017.01.28"]
[WhiteTeam "Jaime Casas B"]
[BlackTeam "El Olivar B"]

1. c4 g6 2. Nc3 Bg7 3. e4 d6 4. Nf3 c5 5. d4 cxd4 6. Nxd4 Nc6 7. Nxc6 bxc6 8.
Bd3 Nf6 9. O-O O-O 10. Bg5 Qa5 11. Qd2 Bd7 12. a3 Rab8 13. b4 Qe5 14. Rac1 Ng4
15. Bf4 Bh6 16. Bxe5 Bxd2 17. Rc2 Nxe5 18. Rxd2 Be6 19. Rc1 Bxc4 20. Bb1 Be6
21. Rd4 Nc4 22. Rxc4 Bxc4 23. f4 Rb7 24. Nd1 Be6 25. Ne3 a5 26. bxa5 Ra8 27. f5
Bd7 28. Nc4 d5 29. Nb6 Rxa5 30. Nxd7 Rxd7 31. Rc3 d4 32. Rd3 c5 33. Ba2 Rda7
34. fxg6 hxg6 0-1

[Event "Preferente Aragonesa Grupo A"]
[Site "?"]
[Date "2017.02.18"]
[Round "4.39"]
[White "Galve Guinea, Alejandro"]
[Black "Buil Rello, Jose Antonio"]
[Result "1-0"]
[WhiteElo "2029"]
[BlackElo "1781"]
[PlyCount "117"]
[EventDate "2017.01.28"]
[WhiteTeam "El Olivar B"]
[BlackTeam "Jaime Casas B"]

1. Nf3 g6 2. c4 Bg7 3. Nc3 c6 4. d4 d5 5. cxd5 cxd5 6. Bf4 Nf6 7. e3 O-O 8. h3
a6 9. Be2 b5 10. O-O Bb7 11. Rc1 Nc6 12. Nd2 Na5 13. Nb3 Nxb3 14. Qxb3 Bc6 15.
a4 bxa4 16. Nxa4 Bxa4 17. Qxa4 Qb6 18. Rc2 Ne4 19. Rfc1 Nd6 20. Qc6 Qxc6 21.
Rxc6 a5 22. Bxd6 exd6 23. Rxd6 Rfb8 24. Rc2 Rd8 25. Rxd8+ Rxd8 26. Rc5 Rb8 27.
Rxa5 Rxb2 28. Bf3 Rb7 29. Bxd5 Rc7 30. Ra8+ Bf8 31. g3 Kg7 32. Kg2 Be7 33. Rb8
h6 34. Rb7 Rxb7 35. Bxb7 f5 36. Kf3 Kf6 37. e4 fxe4+ 38. Kxe4 Ke6 39. Bd5+ Kd6
40. Bf7 g5 41. Kf5 Bf8 42. Kg6 Ke7 43. Bc4 Ke8 44. f4 gxf4 45. gxf4 Bd6 46. f5
Bf4 47. f6 Kf8 48. Be6 Be3 49. d5 Bf4 50. f7 Bg5 51. d6 Bf4 52. d7 Bg5 53. Kh7
h5 54. Kg6 Be7 55. Kxh5 Kg7 56. Kg4 Kf8 57. h4 Bf6 58. h5 Ke7 59. d8=Q+ 1-0

[Event "Preferente Aragonesa Grupo A"]
[Site "?"]
[Date "2017.02.18"]
[Round "4.40"]
[White "Olivan Alvira, Alejandro"]
[Black "Arinez Bruna, Octavio"]
[Result "0-1"]
[WhiteElo "1550"]
[BlackElo "1890"]
[PlyCount "44"]
[EventDate "2017.01.28"]
[WhiteTeam "Jaime Casas B"]
[BlackTeam "El Olivar B"]

1. c4 c5 2. e4 Nc6 3. Nc3 g6 4. d3 Bg7 5. Be3 d6 6. Nge2 Nf6 7. Qd2 Ng4 8. Bg5
h6 9. Bh4 Nd4 10. f3 Ne5 11. Bf2 Nexf3+ 12. gxf3 Nxf3+ 13. Kd1 Nxd2 14. Kxd2
Bd7 15. Rb1 Qa5 16. Bg2 O-O 17. h4 Rab8 18. h5 Bg4 19. hxg6 fxg6 20. Ke3 Bd4+
21. Nxd4 cxd4+ 22. Kxd4 Qc5# 0-1

[Event "Preferente Aragonesa Grupo A"]
[Site "?"]
[Date "2017.02.18"]
[Round "4.41"]
[White "Manguez Tomas, Andres"]
[Black "Accattato Martin, Mario"]
[Result "0-1"]
[WhiteElo "2007"]
[BlackElo "2251"]
[PlyCount "54"]
[EventDate "2017.01.28"]
[WhiteTeam "Agrupacion C"]
[BlackTeam "Monzon"]

1. e4 d6 2. d4 Nf6 3. Nc3 Nbd7 4. Nf3 e5 5. dxe5 dxe5 6. a3 Be7 7. Bb5 O-O 8.
O-O c6 9. Be2 Qc7 10. Bg5 Nc5 11. Re1 a5 12. Qc1 Bg4 13. Qe3 Ne6 14. Bxf6 Bxf6
15. Bd3 Be7 16. Be2 Bc5 17. Qc1 Nf4 18. Nh4 Bxe2 19. Nxe2 Qb6 20. Nxf4 Bxf2+
21. Kh1 Bxe1 22. Qxe1 exf4 23. Qc3 Qe3 24. Qxe3 fxe3 25. Re1 Rad8 26. Kg1 Rd2
27. Rxe3 Rxc2 0-1

[Event "Preferente Aragonesa Grupo A"]
[Site "?"]
[Date "2017.02.18"]
[Round "4.42"]
[White "Citoler Serrat, Adriano"]
[Black "Moreno Martin-Viveros, Alvaro"]
[Result "1/2-1/2"]
[WhiteElo "1901"]
[BlackElo "1881"]
[PlyCount "57"]
[EventDate "2017.01.28"]
[WhiteTeam "Monzon"]
[BlackTeam "Agrupacion C"]

1. d4 Nf6 2. Nf3 d5 3. c4 e6 4. Nc3 Be7 5. g3 dxc4 6. Bg2 O-O 7. Ne5 c5 8. d5
exd5 9. Nxd5 Nxd5 10. Qxd5 Qxd5 11. Bxd5 Bf6 12. Nxc4 Nc6 13. O-O Rd8 14. Bxc6
bxc6 15. Bf4 Ba6 16. Rac1 Rd4 17. b3 Re8 18. Be3 Rd5 19. Rfe1 Bd4 20. Bf4 Re7
21. h4 h6 22. Kg2 Bf6 23. Kf3 Rd4 24. e3 Rdd7 25. Nd6 Re6 26. Ne4 Be7 27. Nxc5
Bxc5 28. Rxc5 Bd3 29. g4 1/2-1/2

[Event "Preferente Aragonesa Grupo A"]
[Site "?"]
[Date "2017.02.18"]
[Round "4.43"]
[White "Carruez Gracia, Eduardo"]
[Black "Hidalgo Gracia, Andres"]
[Result "0-1"]
[WhiteElo "1850"]
[BlackElo "1797"]
[PlyCount "94"]
[EventDate "2017.01.28"]
[WhiteTeam "Agrupacion C"]
[BlackTeam "Monzon"]

1. e4 c5 2. c3 e6 3. e5 d5 4. exd6 Bxd6 5. Nf3 Nf6 6. d4 cxd4 7. cxd4 O-O 8.
Be2 Nbd7 9. O-O h6 10. Nc3 b6 11. h3 Bb7 12. Be3 Nd5 13. Nxd5 Bxd5 14. Nd2 Nf6
15. Bf3 Rc8 16. Qa4 Bb8 17. Rac1 Qd6 18. g3 Bxf3 19. Nxf3 Qd5 20. Nd2 Qh5 21.
Kg2 Nd5 22. Qd1 Qg6 23. Qf3 f5 24. Kh1 Rxc1 25. Rxc1 f4 26. gxf4 Bxf4 27. Rg1
Qf5 28. Qg2 Rf7 29. Nc4 Qh5 30. Ne5 Nxe3 31. fxe3 Bxe5 32. dxe5 Qxe5 33. e4 Qd4
34. Qc2 Qf6 35. Rg2 Qf1+ 36. Kh2 Qf4+ 37. Kh1 Rc7 38. Qe2 Rc1+ 39. Rg1 Rxg1+
40. Kxg1 Qg3+ 41. Qg2 Qxg2+ 42. Kxg2 Kf7 43. Kf3 Kf6 44. h4 g5 45. h5 Ke5 46.
Ke3 g4 47. b4 g3 0-1

[Event "Preferente Aragonesa Grupo A"]
[Site "?"]
[Date "2017.02.18"]
[Round "4.44"]
[White "Mendoza Barcia, Pedro"]
[Black "Serrat Claver, David"]
[Result "0-1"]
[WhiteElo "1662"]
[BlackElo "1849"]
[PlyCount "88"]
[EventDate "2017.01.28"]
[WhiteTeam "Monzon"]
[BlackTeam "Agrupacion C"]

1. e4 e5 2. Nf3 Nc6 3. Nc3 Nf6 4. d4 exd4 5. Nxd4 Bb4 6. Nxc6 bxc6 7. Bd3 d5 8.
O-O O-O 9. exd5 cxd5 10. Bg5 c6 11. Ne2 Be7 12. Nd4 Qc7 13. Re1 Ng4 14. Rxe7
Qxh2+ 15. Kf1 h6 16. Nf3 Qd6 17. Re2 hxg5 18. c4 Qh6 19. Ke1 dxc4 20. Bxc4 Bf5
21. Re7 Rae8 22. Bxf7+ Rxf7 23. Rxe8+ Kh7 24. Qc1 Kg6 25. Ne5+ Nxe5 26. Rxe5
Qh1+ 27. Ke2 Qxg2 28. Qc5 Be4 29. Qe3 Qg4+ 30. Kf1 Bf3 31. Qd3+ Kh6 32. Rc1 Rd7
33. Re6+ Qxe6 34. Qxf3 Rd6 35. b3 Kg6 36. Qc3 Qe4 37. Qc2 Kf5 38. Qc5+ Rd5 39.
Qf8+ Kg6 40. Rxc6+ Kh7 41. f3 Rd1+ 42. Kf2 Qe1+ 43. Kg2 Rd2+ 44. Kh3 Qh4# 0-1

[Event "Preferente Aragonesa Grupo A"]
[Site "?"]
[Date "2017.02.18"]
[Round "4.45"]
[White "Malo Guillen, Jose Luis"]
[Black "Garcia Vicente, Nieves"]
[Result "1/2-1/2"]
[WhiteElo "2118"]
[BlackElo "2172"]
[PlyCount "43"]
[EventDate "2017.01.28"]
[WhiteTeam "Las Fuentes"]
[BlackTeam "SMA Barbastro"]

1. d4 d5 2. c4 e6 3. Nf3 Nf6 4. Nc3 Bb4 5. Bg5 h6 6. Bxf6 Qxf6 7. Qb3 c5 8.
cxd5 exd5 9. e3 Nc6 10. Bb5 O-O 11. O-O c4 12. Qa4 Bxc3 13. bxc3 Bg4 14. Bxc6
Bxf3 15. gxf3 bxc6 16. Kg2 Qg5+ 17. Kh1 Qf5 18. Qd1 Rab8 19. Qe2 Rb2 20. Qxb2
Qxf3+ 21. Kg1 Qg4+ 22. Kh1 1/2-1/2

[Event "Preferente Aragonesa Grupo A"]
[Site "?"]
[Date "2017.02.18"]
[Round "4.46"]
[White "Guetas Sanchez, Hugo"]
[Black "Querol Soro, Sergio"]
[Result "1-0"]
[WhiteElo "2131"]
[BlackElo "1959"]
[PlyCount "103"]
[EventDate "2017.01.28"]
[WhiteTeam "SMA Barbastro"]
[BlackTeam "Las Fuentes"]

1. e4 g6 2. d4 Bg7 3. Nc3 d5 4. Be3 Nf6 5. e5 Ng4 6. Bf4 h5 7. Qf3 c6 8. Bd3
Qb6 9. Nge2 Na6 10. a3 Nc7 11. Na4 Qa5+ 12. b4 Qxa4 13. Nc3 Qa6 14. Bxa6 bxa6
15. O-O Ne6 16. h3 Nh6 17. Rfd1 g5 18. Bg3 g4 19. hxg4 hxg4 20. Qd3 Ng5 21. Ne2
Nf5 22. c4 Ne4 23. cxd5 cxd5 24. Bf4 Rh1+ 25. Kxh1 Nxf2+ 26. Kg1 Nxd3 27. Rxd3
Bd7 28. Nc3 e6 29. Rc1 Rc8 30. Ne2 Rxc1+ 31. Nxc1 Bb5 32. Rd2 Bc4 33. Kf2 f6
34. Ne2 fxe5 35. dxe5 a5 36. Ng3 axb4 37. Nxf5 exf5 38. axb4 Kd7 39. Ke3 Ke6
40. Kd4 Bf8 41. Rb2 Be7 42. g3 Bd8 43. Rh2 Bb6+ 44. Kc3 Bb5 45. Rh6+ Ke7 46.
Bg5+ Kf7 47. Rf6+ Kg7 48. Bh6+ Kh7 49. Bf4 d4+ 50. Kd2 Bd8 51. Rxf5 Bd7 52.
Rf7+ 1-0

[Event "Preferente Aragonesa Grupo A"]
[Site "?"]
[Date "2017.02.18"]
[Round "4.47"]
[White "Alonso Blasco, Jose Miguel"]
[Black "Escuer Sanchez, Nestor"]
[Result "1/2-1/2"]
[WhiteElo "1952"]
[BlackElo "2071"]
[PlyCount "68"]
[EventDate "2017.01.28"]
[WhiteTeam "Las Fuentes"]
[BlackTeam "SMA Barbastro"]

1. e4 e6 2. d4 d5 3. Nd2 Nf6 4. e5 Nfd7 5. c3 c5 6. Bd3 Nc6 7. Ne2 Qb6 8. Nf3
cxd4 9. cxd4 f6 10. exf6 Nxf6 11. O-O Bd6 12. b3 O-O 13. Bf4 Bxf4 14. Nxf4 Ne4
15. Ne2 Bd7 16. Ng3 Nxg3 17. hxg3 Rf6 18. Rc1 Raf8 19. Bb1 Be8 20. Qd3 Bg6 21.
Qe3 Bxb1 22. Rxb1 Re8 23. Rbd1 h6 24. Rfe1 a6 25. Rd2 Rf7 26. Qd3 Rfe7 27. Qg6
Qb4 28. Qd3 Qd6 29. Qg6 Qb4 30. Red1 Rc8 31. Re2 Rce8 32. Qd3 Qd6 33. Qg6 Rf8
34. Qd3 Rfe8 1/2-1/2

[Event "Preferente Aragonesa Grupo A"]
[Site "?"]
[Date "2017.02.18"]
[Round "4.48"]
[White "Avellanas Pau, Miguel Angel"]
[Black "Mombiela De Sus, Jose Luis"]
[Result "0-1"]
[WhiteElo "1861"]
[BlackElo "1911"]
[PlyCount "84"]
[EventDate "2017.01.28"]
[WhiteTeam "SMA Barbastro"]
[BlackTeam "Las Fuentes"]

1. e4 d5 2. exd5 Nf6 3. Nf3 Bg4 4. d4 Qxd5 5. Be2 Nc6 6. c4 Qh5 7. Be3 O-O-O 8.
Nbd2 e6 9. O-O h6 10. a3 Bd6 11. g3 e5 12. d5 e4 13. dxc6 exf3 14. cxb7+ Kb8
15. Bxf3 Bxf3 16. Qxf3 Qxf3 17. Nxf3 Ng4 18. Nd4 Kxb7 19. Nb5 Be5 20. Bxa7 c6
21. Bc5 cxb5 22. cxb5 Rd5 23. Rac1 Rc8 24. b4 Ra8 25. f4 Bd4+ 26. Bxd4 Rxd4 27.
Rc3 Nf6 28. Ra1 Nd5 29. Rb3 Nxb4 30. a4 Kb6 31. Kg2 Nd5 32. Rba3 Ra5 33. R1a2
Nb4 34. Re2 Nd5 35. Re5 Nf6 36. Re7 Rd7 37. Re5 Nd5 38. Kf3 Nc7 39. h3 Ne6 40.
Ke3 Nc5 41. Kf3 Rxa4 42. Rxc5 Rxa3+ 0-1

[Event "Preferente Aragonesa Grupo A"]
[Site "?"]
[Date "2017.02.18"]
[Round "4.49"]
[White "Felez Casedas, Carlos"]
[Black "Lacruz Algarate, Alvaro"]
[Result "0-1"]
[WhiteElo "2003"]
[BlackElo "2121"]
[PlyCount "82"]
[EventDate "2017.01.28"]
[WhiteTeam "L'Aurora Estadilla B"]
[BlackTeam "Monsalud"]

1. Nf3 Nf6 2. b3 e6 3. e3 b6 4. Bb2 Bb7 5. c4 Be7 6. g3 O-O 7. Bg2 d6 8. O-O
Nbd7 9. Nd4 Bxg2 10. Kxg2 Ne5 11. d3 c5 12. Nf3 Qc7 13. Nc3 Qb7 14. d4 cxd4 15.
exd4 Nxf3 16. Qxf3 d5 17. Rac1 Rac8 18. cxd5 exd5 19. Qd3 Bb4 20. Ne2 Rfe8 21.
Rxc8 Qxc8 22. Rc1 Qb7 23. Qb5 a6 24. Qxb4 Rxe2 25. Ba3 h6 26. Re1 Rxe1 27. Qxe1
Qc6 28. Qe2 a5 29. h4 a4 30. Be7 axb3 31. axb3 Ne8 32. Bd8 Nd6 33. Qa6 Ne4 34.
Bxb6 Qc2 35. Qf1 Qxb3 36. Ba7 Qa2 37. Bb6 Qd2 38. Bc7 h5 39. Bb6 Kh7 40. Kf3
Qb2 41. Bc5 Nd2+ 0-1

[Event "Preferente Aragonesa Grupo A"]
[Site "?"]
[Date "2017.02.18"]
[Round "4.51"]
[White "Puertolas Serena, Arturo"]
[Black "Miranda Garcia, Eduardo"]
[Result "1-0"]
[WhiteElo "1832"]
[BlackElo "1844"]
[PlyCount "115"]
[EventDate "2017.01.28"]
[WhiteTeam "L'Aurora Estadilla B"]
[BlackTeam "Monsalud"]

1. d4 d6 2. c4 Nf6 3. Nc3 g6 4. e4 Bg7 5. f3 O-O 6. Be3 Nbd7 7. Qd2 e5 8. d5
Ne8 9. g4 Nb6 10. Bd3 Nf6 11. O-O-O h5 12. h3 Nbd7 13. Nge2 b6 14. Bg5 a6 15.
gxh5 Qe8 16. Ng3 Kh7 17. Qg2 Rg8 18. Rdg1 Nxh5 19. Nxh5 gxh5 20. Be3 Nc5 21.
Bc2 Bd7 22. Qe2 f6 23. Kb1 Qf7 24. f4 Bh6 25. f5 Rxg1+ 26. Rxg1 Rg8 27. Rxg8
Bxe3 28. Rg6 Bh6 29. Qxh5 Qf8 30. Qh4 Be8 31. Rxf6 Qg7 32. b4 Nd7 33. Rxh6+
Qxh6 34. Qe7+ Qg7 35. Qxe8 Nf6 36. Qg6+ Qxg6 37. fxg6+ Kxg6 38. Bd1 Kg5 39. Bg4
Kf4 40. Bf5 Nh5 41. Kc2 Ng3 42. Kd3 Kg5 43. Ne2 Nf1 44. a4 a5 45. bxa5 bxa5 46.
Nc3 Kf4 47. Nb5 Ne3 48. Nxc7 Nd1 49. Ne6+ Kg3 50. Kc2 Ne3+ 51. Kb3 Nf1 52. c5
dxc5 53. Nxc5 Nd2+ 54. Kc3 Nb1+ 55. Kb2 Nd2 56. Nd3 Nc4+ 57. Kc3 Nb6 58. Kb3
1-0

[Event "Preferente Aragonesa Grupo A"]
[Site "?"]
[Date "2017.02.18"]
[Round "4.52"]
[White "Miranda Herrera, Jorge Manuel"]
[Black "Rodriguez Avellanas, Jose Manu"]
[Result "1/2-1/2"]
[WhiteElo "1780"]
[BlackElo "1730"]
[PlyCount "140"]
[EventDate "2017.01.28"]
[WhiteTeam "Monsalud"]
[BlackTeam "L'Aurora Estadilla B"]

1. e4 c6 2. d4 d5 3. e5 e6 4. Nf3 c5 5. c3 Nc6 6. g3 cxd4 7. cxd4 Bb4+ 8. Nc3
a6 9. Bg2 Nge7 10. O-O O-O 11. Qd3 Ng6 12. h4 f5 13. exf6 Qxf6 14. h5 Nge7 15.
g4 h6 16. Re1 Bd6 17. g5 Qf5 18. Qxf5 Nxf5 19. Ne2 Nb4 20. Rd1 Bd7 21. a3 Ba4
22. Rd2 Nc2 23. Rb1 Bb3 24. gxh6 gxh6 25. Ne5 Bxe5 26. dxe5 Ba2 27. Nc3 Bxb1
28. Nxb1 Ncd4 29. Nc3 Nb3 30. Rd1 Nxc1 31. Rxc1 Rac8 32. Rd1 Rc4 33. Nxd5 Rd4
34. Nf6+ Kf7 35. Rc1 Rfd8 36. Rc7+ Ne7 37. Be4 Rxe4 38. Nxe4 Rd5 39. Nd6+ Kf8
40. f4 Nf5 41. Rxb7 Nxd6 42. exd6 Rxd6 43. Kf2 Rd5 44. Kf3 Rxh5 45. Rb6 Rh2 46.
Rxe6 Rxb2 47. Rxa6 h5 48. f5 h4 49. Kg4 Rf2 50. Kg5 Kf7 51. Rh6 Rf3 52. a4 Rg3+
53. Kf4 Ra3 54. Ra6 h3 55. Ke5 Re3+ 56. Kf4 Ra3 57. Kg5 Rg3+ 58. Kh4 Ra3 59.
Ra7+ Kf6 60. Ra6+ Ke7 61. Rb6 h2 62. Rb1 Rxa4+ 63. Kg5 Ra2 64. Rb7+ Ke8 65. Rh7
Kf8 66. Kg6 Rg2+ 67. Kf6 Kg8 68. Rh4 Ra2 69. Ke7 Ra7+ 70. Kf6 Ra6+ 1/2-1/2